003300000a2200145000450024500150000065000160001565000210003165000200005265000170007265100140008965300190010304100130012210000190013577300300015410aMonotremes14aMamíferos14aHistoria natural14aPaleontología14aMorfología 4pAustralia fTachyglossidae0 aInglés1 aJones, J. Knox1 tPreprint33q54-60d1980?